000 00309nam a22001337a 4500
008 170425b xxu||||| |||| 00| 0 eng d
020 _a0895737485
041 _aeng
080 _a54
100 _a12
101 _ashm
245 _aCAKE FORMATION IN PARTICULATE SYSTEM
_cGRIFFITH.E.J
942 _2udc
_cBK
999 _c11838
_d11838